Fatehpur Sikri (Record no. 11568)

MARC details
000 -LEADER
fixed length control field 00617nam a2200241 a 4500
020 ## - INTERNATIONAL STANDARD BOOK NUMBER
ISBN
082 00 - DEWEY DECIMAL CLASSIFICATION NUMBER
Classification number 720.954
Author Cutter BRA
100 ## - MAIN ENTRY--AUTHOR NAME
Author name Brand, Michael
245 ## - TITLE STATEMENT
Title Fatehpur Sikri
Sub title a Source Book
260 ## - PUBLICATION, DISTRIBUTION, ETC. (IMPRINT)
Place of publication Massachusetts
Name of publisher Aga Khan Programme for Islamic Architect
Year of publication 1985
300 ## - PHYSICAL DESCRIPTION
Number of Pages 333p
500 ## - GENERAL NOTE
General note includes index and biblioraphy
505 2# - FORMATTED CONTENTS NOTE
Formatted contents note Index
650 ## - SUBJECT ADDED ENTRY--TOPICAL TERM
Topical Term Architecture-Mughal
650 ## - SUBJECT ADDED ENTRY--TOPICAL TERM
Topical Term Architecture-Islamic
942 ## - ADDED ENTRY ELEMENTS (KOHA)
Koha item type Books
Holdings
Collection code Home library Current library Date acquired Cost, normal purchase price Full call number Accession Number Koha item type
  Henry Martyn Institute Library Henry Martyn Institute Library 06/15/2007 490.00 720.954 BRA 015022 Books
                   Copyright © 2026 | Henry Martyn Institute | Hyderabad | TS-500052 | INDIA | Implemented by hmi.edu.in
Hit-Count:

Powered by Koha